Transfer and business taxation (Record no. 41654)
[ view plain ]
| 000 -LEADER | |
|---|---|
| fixed length control field | 00768nam a22002297i 4500 |
| 003 - CONTROL NUMBER IDENTIFIER | |
| control field | URS |
| 005 - DATE AND TIME OF LATEST TRANSACTION | |
| control field | 20220114162519.0 |
| 008 - FIXED-LENGTH DATA ELEMENTS--GENERAL INFORMATION | |
| fixed length control field | 211117b ||||| |||| 00| 0 eng d |
| 020 ## - INTERNATIONAL STANDARD BOOK NUMBER | |
| International Standard Book Number | 978-971-92726-8-7 |
| 040 ## - CATALOGING SOURCE | |
| Original cataloging agency | DML |
| Language of cataloging | eng |
| Description conventions | rda |
| Transcribing agency | URS |
| 050 ## - LIBRARY OF CONGRESS CALL NUMBER | |
| Classification number | HJ2950 |
| Item number | V2342 2007 |
| 100 ## - MAIN ENTRY--PERSONAL NAME | |
| Personal name | Valencia, Edwin G, |
| Relator term | author |
| 245 ## - TITLE STATEMENT | |
| Title | Transfer and business taxation |
| Remainder of title | principles and laws with accounting applications |
| Statement of responsibility, etc. | Edwin G. Valencia, Gregorio F. Roxas. |
| 250 ## - EDITION STATEMENT | |
| Edition statement | 4th Edition |
| 336 ## - CONTENT TYPE | |
| Content type term | text |
| Content type code | txt |
| Source | rdacontent |
| 337 ## - MEDIA TYPE | |
| Media type term | unmediated |
| Media type code | n |
| Source | rdamedia |
| 338 ## - CARRIER TYPE | |
| Carrier type term | volume |
| Carrier type code | nc |
| Source | rdacarrier |
| 300 ## - PHYSICAL DESCRIPTION | |
| Extent | 510 pages |
| Other physical details | ill; |
| Dimensions | 23 cm. |
| 650 #0 - SUBJECT ADDED ENTRY--TOPICAL TERM | |
| Topical term or geographic name entry element | Inheritance and transfer tax |
| Topical term following geographic name entry element | Taxation |
| General subdivision | Study and teaching |
| Geographic subdivision | Philippines |
| 700 ## - ADDED ENTRY--PERSONAL NAME | |
| Personal name | Roxas, Gregorio F. |
| 942 ## - ADDED ENTRY ELEMENTS (KOHA) | |
| Koha item type | Filipiniana |
| Withdrawn status | Damaged status | Not for loan | Collection code | Home library | Current library | Shelving location | Date acquired | Total Checkouts | Full call number | Barcode | Date last seen | Price effective from | Koha item type |
|---|---|---|---|---|---|---|---|---|---|---|---|---|---|
| Non-fiction | Angono College Library | Angono College Library | General Stacks | 11/17/2021 | HJ2950 V2342 2007 | URSANG-3823 | 11/17/2021 | 11/17/2021 | Filipiniana |